[Event "BUL-ch U20 Girls"]
[Site "Sofia"]
[Date "2023.02.05"]
[Round "7"]
[White "Chitakova, Galya"]
[Black "Karaivanova, Petya F"]
[Result "0-1"]
[WhiteElo "1662"]
[BlackElo "1875"]
[PlyCount "78"]
[EventDate "2023.02.01"]
[EventType "tourn"]
[EventRounds "7"]
[EventCountry "BUL"]
[SourceTitle "CBM 212 Extra"]
[Source "ChessBase"]
[SourceDate "2023.03.31"]
[SourceVersion "1"]
[SourceVersionDate "2023.03.31"]
[SourceQuality "1"]

1. e4 e5 2. Bc4 Nc6 3. Nf3 Nf6 4. d3 Bc5 5. c3 d6 6. 0-0 0-0 7. Re1 a6 8. Bb3 Ba7 9. Nbd2 Ng4 10. Rf1 Kh8 11. h3 f5 12. exf5 Nh6 13. Ne4 Nxf5 14. Kh1 Qe8 15. g4 Nfe7 16. Ng3 Na5 17. Bc2 b5 18. Kg1 Bb7 19. Nh4 Nd5 20. g5 Bc8 21. d4 Bxh3 22. Be4 c6 23. g6 Nf6 24. Re1 Nxe4 25. Nxe4 hxg6 26. Re3 exd4 27. Rxh3 Qxe4 28. Nxg6+ Kg8 29. Rh8+ Kf7 30. Nxf8 Rxf8 31. Qh5+ g6 32. Qh7+ Ke8 33. Rxf8+ Kxf8 34. Bh6+ Ke8 35. Qxa7 Qg4+ 36. Kf1 Qh3+ 37. Ke2 d3+ 38. Kd1 Qf1+ 39. Kd2 Nc4# 0-1

[Event "BUL-ch U20 Girls"]
[Site "Sofia"]
[Date "2023.02.02"]
[Round "2"]
[White "Chitakova, Galya"]
[Black "Chuchukova, Stefani"]
[Result "1-0"]
[WhiteElo "1662"]
[BlackElo "1509"]
[PlyCount "109"]
[EventDate "2023.02.01"]
[EventType "tourn"]
[EventRounds "7"]
[EventCountry "BUL"]
[SourceTitle "CBM 212 Extra"]
[Source "ChessBase"]
[SourceDate "2023.03.31"]
[SourceVersion "1"]
[SourceVersionDate "2023.03.31"]
[SourceQuality "1"]

1. e4 e5 2. Bc4 Nf6 3. d3 c6 4. Nf3 Be7 5. 0-0 d6 6. Bb3 0-0 7. c3 Bg4 8. Re1 Re8 9. Nbd2 Nbd7 10. h3 Be6 11. Bc2 Nf8 12. Nf1 Ng6 13. Ng3 Qc7 14. Ng5 Rad8 15. Bb3 d5 16. d4 Bd6 17. Nh5 Nxe4 18. Nxe4 dxe4 19. Bxe6 Rxe6 20. Rxe4 Bc5 21. Bg5 Rd5 22. Qg4 exd4 23. Rxe6 fxe6 24. b4 Bb6 25. c4 Rf5 26. Ng3 Ne5 27. Qh5 g6 28. Qh4 Nxc4 29. Nxf5 exf5 30. Bf6 Nd6 31. Be5 Qd7 32. Bxd4 Ne4 33. Bxb6 axb6 34. Qf4 b5 35. Re1 b6 36. Qb8+ Kg7 37. Qxb6 Qd5 38. f3 Nd6 39. Re7+ Kf6 40. Qd8 Nf7 41. Qxd5 cxd5 42. Re2 Ne5 43. Kf1 f4 44. Rc2 Nc4 45. Ke2 Ke5 46. Kd3 Ne3 47. Rc5 Nxg2 48. Rxb5 Ne1+ 49. Ke2 Nc2 50. Rb7 h5 51. b5 Kd4 52. Rc7 Na3 53. b6 Nc4 54. Rxc4+ dxc4 55. b7 1-0

[Event "BUL-ch U20 Girls"]
[Site "Sofia"]
[Date "2023.02.02"]
[Round "3"]
[White "Nenova, Andzhelika"]
[Black "Chitakova, Galya"]
[Result "1-0"]
[WhiteElo "1607"]
[BlackElo "1662"]
[PlyCount "77"]
[EventDate "2023.02.01"]
[EventType "tourn"]
[EventRounds "7"]
[EventCountry "BUL"]
[SourceTitle "CBM 212 Extra"]
[Source "ChessBase"]
[SourceDate "2023.03.31"]
[SourceVersion "1"]
[SourceVersionDate "2023.03.31"]
[SourceQuality "1"]

1. e4 c6 2. d4 d5 3. exd5 cxd5 4. c4 Nf6 5. Nc3 Nc6 6. Bg5 dxc4 7. d5 Ne5 8. Qd4 Nd3+ 9. Bxd3 cxd3 10. Qxd3 Qb6 11. Nf3 g6 12. 0-0 a6 13. d6 Bf5 14. Qd2 Rd8 15. Bxf6 exf6 16. Rfe1+ Be6 17. Nd5 Qxd6 18. Nxf6+ Ke7 19. Qg5 h6 20. Qh4 g5 21. Nxg5 hxg5 22. Qxh8 Qf4 23. Ne4 Rd5 24. Qc3 g4 25. Qb4+ Ke8 26. Qxb7 Be7 27. Qxa6 Rd4 28. Qa8+ Rd8 29. Qc6+ Kf8 30. Nc5 Bd5 31. Nd7+ Rxd7 32. Qxd7 Bd6 33. Qd8+ Kg7 34. Qh4 Bc5 35. Re8 Bf8 36. Rae1 Be6 37. Qd8 Qb4 38. Rd1 Qc5 39. Rxf8 1-0

[Event "EU-ch Hybrid U18 Girls"]
[Site "Tornelo INT"]
[Date "2021.10.15"]
[Round "6"]
[White "Chitakova, Galya"]
[Black "Petrova, Maria"]
[Result "1/2-1/2"]
[WhiteElo "1615"]
[BlackElo "1800"]
[PlyCount "54"]
[EventDate "2021.10.15"]
[EventType "swiss"]
[EventRounds "9"]
[EventCountry "NET"]
[SourceTitle "EXT 2023"]
[Source "ChessBase"]
[SourceDate "2022.10.05"]
[SourceVersion "1"]
[SourceVersionDate "2022.10.05"]
[SourceQuality "1"]
[WhiteTeam "Bulgaria"]
[BlackTeam "Bulgaria"]
[WhiteTeamCountry "BUL"]
[BlackTeamCountry "BUL"]

1. e4 e5 2. Bc4 Bc5 3. Nf3 Nc6 4. c3 Nf6 5. d3 d6 6. 0-0 a6 7. Bb3 Ba7 8. Re1 0-0 9. h3 Ne7 10. d4 Ng6 11. Nbd2 Qe7 12. Nf1 Be6 13. Ng3 Bxb3 14. Qxb3 Bb6 15. Bg5 h6 16. dxe5 hxg5 17. exf6 gxf6 18. Nd4 Qe5 19. Qd1 Nf4 20. Ndf5 Kh7 21. Nh5 Rh8 22. Nxf4 Qxf4 23. Qh5+ Kg8 24. Ne7+ Kg7 25. Nf5+ Kg8 26. Ne7+ Kg7 27. Nf5+ Kg8 1/2-1/2

[Event "EU-ch Hybrid U18 Girls"]
[Site "Tornelo INT"]
[Date "2021.10.15"]
[Round "4"]
[White "Chitakova, Galya"]
[Black "Smidova, Michaela"]
[Result "1/2-1/2"]
[WhiteElo "1615"]
[BlackElo "1622"]
[PlyCount "54"]
[EventDate "2021.10.15"]
[EventType "swiss"]
[EventRounds "9"]
[EventCountry "NET"]
[SourceTitle "EXT 2023"]
[Source "ChessBase"]
[SourceDate "2022.10.05"]
[SourceVersion "1"]
[SourceVersionDate "2022.10.05"]
[SourceQuality "1"]
[WhiteTeam "Bulgaria"]
[BlackTeam "Slovakia"]
[WhiteTeamCountry "BUL"]
[BlackTeamCountry "SVK"]

1. e4 e5 2. Bc4 Nc6 3. Nf3 Bc5 4. c3 d6 5. 0-0 Nf6 6. d3 0-0 7. Nbd2 Be6 8. Bb5 a6 9. Ba4 Kh8 10. h3 Nd7 11. Re1 f5 12. Nf1 fxe4 13. dxe4 Qf6 14. N1h2 Qg6 15. Kf1 Bc4+ 16. Kg1 Rf7 17. Be3 Raf8 18. Nh4 Qf6 19. Nf5 Bxe3 20. Rxe3 g6 21. Ng4 Qd8 22. Nfh6 Rg7 23. Bb3 Bxb3 24. axb3 Nf6 25. b4 Nxg4 26. Qxg4 Rf4 27. Qe2 Qf8 1/2-1/2

[Event "EU-ch Hybrid U18 Girls"]
[Site "Tornelo INT"]
[Date "2021.10.15"]
[Round "5"]
[White "Koltai, Dora"]
[Black "Chitakova, Galya"]
[Result "1-0"]
[WhiteElo "1924"]
[BlackElo "1615"]
[PlyCount "109"]
[EventDate "2021.10.15"]
[EventType "swiss"]
[EventRounds "9"]
[EventCountry "NET"]
[SourceTitle "EXT 2023"]
[Source "ChessBase"]
[SourceDate "2022.10.05"]
[SourceVersion "1"]
[SourceVersionDate "2022.10.05"]
[SourceQuality "1"]
[WhiteTeam "Hungary"]
[BlackTeam "Bulgaria"]
[WhiteTeamCountry "HUN"]
[BlackTeamCountry "BUL"]

1. e4 c6 2. d4 d5 3. exd5 cxd5 4. Bd3 Nc6 5. c3 Nf6 6. Bf4 Bg4 7. Qb3 Qb6 8. Nd2 e6 9. Qxb6 axb6 10. Ngf3 Be7 11. 0-0 Bh5 12. Rfe1 Bg6 13. Bb5 Nd7 14. c4 Bd3 15. Re3 Bxc4 16. Bxc4 dxc4 17. Nxc4 Nb4 18. Rb3 0-0 19. Bd6 Bxd6 20. Nxd6 Nxa2 21. Ne1 Ra4 22. Nc2 e5 23. dxe5 Rd8 24. Rb5 h6 25. Rd1 Nc5 26. Rxb6 Re4 27. Re1 Rxe1+ 28. Nxe1 Nd7 29. Nxb7 Re8 30. Ra6 Nb4 31. Ra4 Nxe5 32. Rxb4 Nc6 33. Kf1 Nxb4 34. Nd6 Re6 35. Nc4 Kf8 36. g3 Ke7 37. Ng2 Nd3 38. Nge3 Kd8 39. Ke2 Ne5 40. Kd2 Nf3+ 41. Ke2 Nxh2 42. f3 Rf6 43. Nd2 g5 44. g4 h5 45. Ne4 Rxf3 46. Nxg5 Rg3 47. Kf2 Rf3+ 48. Nxf3 Nxg4+ 49. Nxg4 hxg4 50. Nd4 Kd7 51. Kg3 Kd6 52. Kxg4 Kc5 53. Ne2 Kc4 54. Nc1 Kd5 55. Kf5 1-0

[Event "Varna U2200 op"]
[Site "Varna"]
[Date "2019.07.09"]
[Round "7"]
[White "Simeonov, Svetoslav"]
[Black "Chitakova, Galya"]
[Result "0-1"]
[WhiteElo "1796"]
[BlackElo "1706"]
[PlyCount "82"]
[EventDate "2019.07.02"]
[EventType "swiss"]
[EventRounds "7"]
[EventCountry "BUL"]
[SourceTitle "EXT 2020"]
[Source "ChessBase"]
[SourceDate "2019.10.17"]
[SourceVersion "1"]
[SourceVersionDate "2019.10.17"]
[SourceQuality "1"]

1. c4 c6 2. Nf3 Nf6 3. e3 d5 4. b3 Bf5 5. Bb2 e6 6. Be2 Be7 7. Nc3 0-0 8. Nh4 Be4 9. d3 Bg6 10. Rc1 c5 11. Nxg6 hxg6 12. Bf3 Nc6 13. cxd5 exd5 14. Ne2 Rc8 15. 0-0 Qd6 16. d4 cxd4 17. Nxd4 Ne4 18. Bxe4 dxe4 19. Nxc6 Rxc6 20. Qxd6 Bxd6 21. Rxc6 bxc6 22. Rd1 Rd8 23. Rd4 Be7 24. Kf1 Bf6 25. Rxd8+ Bxd8 26. Bd4 a6 27. Ke2 f6 28. Kd2 g5 29. h3 Bc7 30. Kc3 Bd6 31. Kc4 Kf7 32. Bc5 Bc7 33. f3 exf3 34. gxf3 Ke6 35. Bf8 Kf7 36. Bc5 Ke6 37. Kb4 Kd5 38. Bf8 g6 39. Bg7 Bd8 40. Bf8 f5 41. Bc5 a5+ 0-1

[Event "Varna U2200 op"]
[Site "Varna"]
[Date "2019.07.06"]
[Round "5"]
[White "Chitakova, Galya"]
[Black "Ivanov, Ljubomir"]
[Result "1/2-1/2"]
[WhiteElo "1706"]
[BlackElo "1822"]
[PlyCount "109"]
[EventDate "2019.07.02"]
[EventType "swiss"]
[EventRounds "7"]
[EventCountry "BUL"]
[SourceTitle "EXT 2020"]
[Source "ChessBase"]
[SourceDate "2019.10.17"]
[SourceVersion "1"]
[SourceVersionDate "2019.10.17"]
[SourceQuality "1"]

1. e4 c6 2. d4 d5 3. Nc3 dxe4 4. Nxe4 Bf5 5. Ng3 Bg6 6. Nf3 Nd7 7. h4 h6 8. Bd3 Bxd3 9. Qxd3 Qc7 10. Bd2 e6 11. 0-0-0 Ngf6 12. Ne4 0-0-0 13. Qe2 Nxe4 14. Qxe4 Bd6 15. Rhe1 Nf6 16. Qe2 Nd5 17. Ne5 Bxe5 18. dxe5 Kb8 19. h5 b5 20. Kb1 Ka8 21. Rc1 b4 22. c4 bxc3 23. Bxc3 Nf4 24. Qa6 Nd3 25. Ba5 Qb7 26. Qxb7+ Kxb7 27. Bxd8 Nxe1 28. Rxe1 Rxd8 29. Kc2 Rd5 30. Re4 g5 31. g4 Kb6 32. f4 gxf4 33. Rxf4 Rxe5 34. Rxf7 Rg5 35. Rf6 Rxg4 36. Rxe6 a5 37. Rxh6 Rh4 38. Rh8 a4 39. h6 Kc5 40. h7 Rh2+ 41. Kd3 Rh3+ 42. Ke4 Rh4+ 43. Kf5 Rh1 44. Ra8 Rxh7 45. Rxa4 Rh2 46. b3 Kb5 47. Ke5 c5 48. Ra8 Kb4 49. Kd5 Rh5+ 50. Ke4 Rh4+ 51. Kf3 c4 52. bxc4 Rxc4 53. a4 Rc3+ 54. Ke4 Ra3 55. a5 1/2-1/2

[Event "EU Union-ch U14 15th"]
[Site "Mureck"]
[Date "2017.08.07"]
[Round "6"]
[White "Bevanda, Ema"]
[Black "Chitakova, Galya"]
[Result "0-1"]
[WhiteElo "1582"]
[BlackElo "1641"]
[PlyCount "74"]
[EventDate "2017.08.02"]
[EventType "swiss"]
[EventRounds "9"]
[EventCountry "AUT"]
[SourceTitle "CBM 180 Extra"]
[Source "ChessBase"]
[SourceDate "2017.10.06"]
[SourceVersion "1"]
[SourceVersionDate "2017.10.06"]
[SourceQuality "1"]

1. d4 d5 2. c4 c6 3. Nf3 Nf6 4. Nc3 a6 5. a4 Bf5 6. Bf4 e6 7. Qb3 Ra7 8. a5 dxc4 9. Qb6 Qxb6 10. axb6 Ra8 11. e3 Nd5 12. Nxd5 cxd5 13. Nd2 Bb4 14. Rc1 Nd7 15. Bc7 Ba5 16. f3 Bxb6 17. Bxb6 Nxb6 18. h4 h6 19. b3 cxb3 20. Nxb3 Rc8 21. Ra1 0-0 22. Nc5 Rc7 23. e4 dxe4 24. g4 Bh7 25. fxe4 Nd7 26. Nd3 Bxe4 27. Rh2 Rfc8 28. Kd1 Rc3 29. Rd2 Bf3+ 30. Be2 Bxe2+ 31. Kxe2 Rc2 32. Rb1 Rxd2+ 33. Kxd2 b5 34. Ra1 Ra8 35. Nb4 a5 36. Nc6 a4 37. Kc3 Rc8 0-1

[Event "EU Union-ch U14 15th"]
[Site "Mureck"]
[Date "2017.08.06"]
[Round "5"]
[White "Urbanc, Tina"]
[Black "Chitakova, Galya"]
[Result "0-1"]
[WhiteElo "1469"]
[BlackElo "1641"]
[PlyCount "78"]
[EventDate "2017.08.02"]
[EventType "swiss"]
[EventRounds "9"]
[EventCountry "AUT"]
[SourceTitle "CBM 180 Extra"]
[Source "ChessBase"]
[SourceDate "2017.10.06"]
[SourceVersion "1"]
[SourceVersionDate "2017.10.06"]
[SourceQuality "1"]

1. d4 d5 2. e3 c6 3. f4 Nf6 4. Nf3 Bf5 5. Bd3 Bg6 6. 0-0 e6 7. Ne5 Bd6 8. c4 c5 9. Bxg6 hxg6 10. Nc3 cxd4 11. Qa4+ Nbd7 12. exd4 dxc4 13. Nxc4 Bc7 14. Nb5 0-0 15. Nxc7 Qxc7 16. Bd2 Nb6 17. Nxb6 Qxb6 18. Bc3 Nd5 19. g3 Rac8 20. Rfc1 Rc6 21. Rc2 Rfc8 22. Rac1 Ne3 23. Re2 Nc4 24. Qd1 Qa6 25. b3 Nb6 26. Rec2 Nd5 27. Be1 Ne3 28. Qe2 Rxc2 29. Rxc2 Rxc2 30. Qxe3 Qe2 31. Qxe2 Rxe2 32. Bb4 Rxa2 33. Bc5 b6 34. Bd6 Rb2 35. b4 a5 36. bxa5 bxa5 37. Bc7 a4 38. Be5 Re2 39. Bd6 Ra2 0-1

[Event "EU Union-ch U14 15th"]
[Site "Mureck"]
[Date "2017.08.02"]
[Round "1"]
[White "Malicka, Maria"]
[Black "Chitakova, Galya"]
[Result "1-0"]
[WhiteElo "2118"]
[BlackElo "1641"]
[PlyCount "87"]
[EventDate "2017.08.02"]
[EventType "swiss"]
[EventRounds "9"]
[EventCountry "AUT"]
[SourceTitle "CBM 180 Extra"]
[Source "ChessBase"]
[SourceDate "2017.10.06"]
[SourceVersion "1"]
[SourceVersionDate "2017.10.06"]
[SourceQuality "1"]

1. Nf3 d5 2. c4 c6 3. e3 Nf6 4. Nc3 a6 5. b3 Bf5 6. d4 e6 7. Bb2 Bb4 8. a3 Bxc3+ 9. Bxc3 Ne4 10. Bb2 dxc4 11. Bxc4 Nd7 12. 0-0 0-0 13. Rc1 h6 14. Nd2 Ndf6 15. f3 Nxd2 16. Qxd2 c5 17. e4 Bh7 18. Rfd1 Qb6 19. Qe3 Rac8 20. a4 Bg6 21. dxc5 Qc6 22. Bf1 Kh7 23. Rd6 Qc7 24. Bxf6 gxf6 25. Qd4 e5 26. Qc3 Kg7 27. b4 Rfd8 28. Rxd8 Rxd8 29. c6 Rc8 30. b5 f5 31. exf5 Bxf5 32. Qc5 axb5 33. cxb7 Qxb7 34. Qxe5+ f6 35. Qg3+ Kh7 36. Rxc8 Bxc8 37. axb5 Bd7 38. Bd3+ f5 39. Qe5 Qc8 40. h3 Kg8 41. Kh2 Qb7 42. Bc4+ Kh7 43. Qe7+ Kh8 44. Qf8+ 1-0

[Event "Primorsko Dyuni op 1st"]
[Site "Primorsko"]
[Date "2016.05.22"]
[Round "4"]
[White "Chitakova, Galya"]
[Black "Zhelev, Mavri"]
[Result "0-1"]
[WhiteElo "1567"]
[BlackElo "1768"]
[PlyCount "120"]
[EventDate "2016.05.21"]
[EventType "swiss"]
[EventRounds "7"]
[EventCountry "BUL"]
[SourceTitle "CBM 172 Extra"]
[Source "ChessBase"]
[SourceDate "2016.06.21"]
[SourceVersion "1"]
[SourceVersionDate "2016.06.21"]
[SourceQuality "1"]

1. e4 c6 2. d4 d6 3. Nf3 Bg4 4. Be2 Nd7 5. Bf4 Bxf3 6. Bxf3 e5 7. Be3 Ngf6 8. Nc3 Be7 9. d5 c5 10. 0-0 0-0 11. Ne2 b5 12. Ng3 Re8 13. Nf5 Bf8 14. b3 a5 15. c4 bxc4 16. bxc4 Nb6 17. Qd3 Qc7 18. Bg5 Nbd7 19. Bd1 Reb8 20. Ba4 Rb4 21. Bxd7 Nxd7 22. Rab1 Rab8 23. a3 R4b7 24. Rxb7 Qxb7 25. Be7 Bxe7 26. Nxe7+ Kf8 27. Nf5 Qb3 28. Qxb3 Rxb3 29. Nxd6 Rxa3 30. Rb1 a4 31. Kf1 Rb3 32. Rxb3 axb3 33. Nb5 b2 34. Na3 Nb6 35. Ke2 Nxc4 36. Nb1 Nd6 37. Kd3 c4+ 38. Kc3 Nxe4+ 39. Kxb2 Nxf2 40. Kc3 Ng4 41. Kxc4 Ke7 42. Kc5 Nxh2 43. d6+ Kd7 44. Nc3 Ng4 45. Nd5 Nf6 46. Nb6+ Ke6 47. Kc6 e4 48. d7 Nxd7 49. Nxd7 e3 50. Nc5+ Ke5 51. Nd3+ Ke4 52. Ne1 e2 53. Kd6 f5 54. Ke6 g6 55. Kf6 Ke3 56. Kg7 Kf2 57. Nd3+ Kxg2 58. Kxh7 Kf1 59. Kxg6 f4 60. Kg5 f3 0-1

[Event "BUL-ch sf (Women) 65th"]
[Site "Plovdiv"]
[Date "2016.02.10"]
[Round "4"]
[White "Chitakova, Galya"]
[Black "Vasileva, Cveta"]
[Result "1-0"]
[WhiteElo "1538"]
[BlackElo "1590"]
[PlyCount "67"]
[EventDate "2016.02.08"]
[EventType "tourn"]
[EventRounds "9"]
[EventCountry "BUL"]
[SourceTitle "CBM 170 Extra"]
[Source "ChessBase"]
[SourceDate "2016.02.25"]
[SourceVersion "1"]
[SourceVersionDate "2016.02.25"]
[SourceQuality "1"]

1. e4 e6 2. d4 d5 3. exd5 exd5 4. Bd3 Nf6 5. Nc3 Bb4 6. Bd2 0-0 7. Nge2 c6 8. 0-0 Re8 9. h3 Bd6 10. Bf4 Be6 11. Qd2 Be7 12. Ng3 Qb6 13. Nf5 Nbd7 14. Nxe7+ Rxe7 15. Na4 Qd8 16. Qb4 b6 17. Rfe1 Nf8 18. Bg5 Re8 19. Ba6 Qd7 20. Bxf6 gxf6 21. Bd3 Ng6 22. Qd2 Kg7 23. Nc3 Bf5 24. Ne2 Bxd3 25. Ng3 Bf5 26. Nh5+ Kh8 27. Qh6 Rg8 28. Nxf6 Nf8 29. Nxd7 Bxd7 30. Re7 Rg6 31. Qh5 Be6 32. Re1 Nd7 33. R1xe6 fxe6 34. Qxh7# 1-0

[Event "BUL-ch sf (Women)"]
[Site "Plovdiv"]
[Date "2015.01.29"]
[Round "6"]
[White "Antova, Gabriela"]
[Black "Chitakova, Galya"]
[Result "1-0"]
[WhiteElo "1973"]
[BlackElo "1586"]
[PlyCount "86"]
[EventDate "2015.01.25"]
[EventType "tourn"]
[EventRounds "9"]
[EventCountry "BUL"]
[SourceTitle "EXT 2016"]
[Source "ChessBase"]
[SourceDate "2015.10.08"]
[SourceVersion "1"]
[SourceVersionDate "2015.10.08"]
[SourceQuality "1"]

1. d4 d5 2. c4 c6 3. Nc3 Nf6 4. Nf3 a6 5. c5 Bf5 6. Qb3 Qc7 7. g3 Nbd7 8. Bf4 Qc8 9. Bg2 e6 10. 0-0 Be7 11. Rac1 0-0 12. Rfe1 h6 13. Na4 Ne8 14. Ne5 Bd8 15. f3 g5 16. Nxd7 Qxd7 17. Be3 Rb8 18. Bf2 Ba5 19. Red1 Nf6 20. Qa3 Rfe8 21. b4 Bc7 22. Nc3 e5 23. e4 Bh3 24. Bh1 Rbc8 25. Qb2 Qe6 26. exd5 cxd5 27. Re1 Qf5 28. Qb1 Qxb1 29. Rxb1 Bf5 30. Rbd1 e4 31. fxe4 Nxe4 32. Nxe4 Bxe4 33. Bxe4 Rxe4 34. Rxe4 dxe4 35. d5 Be5 36. g4 Kg7 37. d6 Kg6 38. a4 f5 39. Rd5 Kf6 40. gxf5 Bc3 41. b5 Bb4 42. Kf1 g4 43. Bh4+ Kf7 1-0

[Event "BUL-ch sf (Women)"]
[Site "Plovdiv"]
[Date "2015.01.27"]
[Round "4"]
[White "Krasteva, Beloslava"]
[Black "Chitakova, Galya"]
[Result "1/2-1/2"]
[WhiteElo "1487"]
[BlackElo "1586"]
[PlyCount "76"]
[EventDate "2015.01.25"]
[EventType "tourn"]
[EventRounds "9"]
[EventCountry "BUL"]
[SourceTitle "EXT 2016"]
[Source "ChessBase"]
[SourceDate "2015.10.08"]
[SourceVersion "1"]
[SourceVersionDate "2015.10.08"]
[SourceQuality "1"]

1. d4 d5 2. c4 c6 3. Nc3 Nf6 4. Nf3 a6 5. c5 Bf5 6. Nh4 Bg6 7. Bf4 e6 8. h3 Nbd7 9. Nxg6 hxg6 10. e3 Be7 11. b4 b5 12. Bd3 a5 13. a3 a4 14. Qc2 Qc8 15. Bh2 Bd8 16. f4 Bc7 17. Qf2 Ng8 18. Qf3 f5 19. g4 Ne7 20. g5 Kf7 21. Bg3 Rh5 22. h4 Qb7 23. Be2 Rah8 24. Qg2 R5h7 25. Bf3 Qc8 26. Qe2 Qb8 27. Kd2 Qc8 28. Rh2 Qb8 29. Rah1 Qc8 30. h5 gxh5 31. Bxh5+ g6 32. Bf3 Qg8 33. Qg2 Kg7 34. Ke2 Rxh2 35. Rxh2 Rh7 36. Qh1 Qh8 37. Rxh7+ Qxh7 38. Qxh7+ Kxh7 1/2-1/2